Science Quiz

Random Science or Chemistry Quiz
Score 0/32 Timer 10:00
3 Plays Today
% Correct
Olympicene
68.9%
Israelane
59.6%
Felicene
58.5%
Bowtiediene
57.9%
Housane
57.5%
Churchane
56.8%
Ladderane
55.5%
Dodecahedrane
53.1%
Prismane
51.6%
Sulflower
49.5%
Rocketene
48.3%
Cubane
46.2%
Fenestrane
43.6%
Penguinone
42.3%
Biplanene
40.5%
Crown Ether
37%
% Correct
Pterodactyladiene
35.6%
Squaric Acid
34.9%
Lariat Ether
34.6%
Coronane
31.7%
Pagodane
30.5%
Manxane
29.8%
Helvetane
29.2%
Basketane
28.9%
Betweenanene
25.8%
Ovalene
21.6%
Triskelene
20.2%
Twistane
19.8%
Catenane
19.1%
Asterane
17.3%
Barrelene
12.9%
Paddlane
11%
Remove Ads.
Support Sporcle.
Get the best of Sporcle when you Go Orange. This ad-free experience offers more features, more stats, and more fun while also helping to support Sporcle. Thank you for becoming a member.

You're not logged in!

Compare scores with friends on all Sporcle quizzes.
OR
Log In

Sporcle TV

Today on Sporcle TV


Watch our educational content, quiz creation guides, and fun videos on Sporcle TV.

Show Comments

Extras

Top Quizzes Today


Score Distribution

Paid Content

Your Account Isn't Verified!

In order to create a playlist on Sporcle, you need to verify the email address you used during registration. Go to your Sporcle Settings to finish the process.

Report this User

Report this user for behavior that violates our Community Guidelines.

Details: